Statistics for Airbus and Boeing plane types

Click here to take the quiz!

General Stats

  • This quiz has been taken 194 times
  • The average score is 8 of 10

Answer Stats

Answer% Correct
a330
92%
a320
90%
a380
88%
737
83%
747
83%
a340
80%
777
79%
a350
78%
767
76%
787
74%

Score Distribution

Percentile by Number Answered

Percent of People with Each Score

Your Score History

You have not taken this quiz